| 000 | 01436nam a22001937a 4500 | ||
|---|---|---|---|
| 999 |
_c60127 _d60127 |
||
| 003 | Ge_BSU | ||
| 005 | 20230612102207.0 | ||
| 008 | 230612s1987 ge ||||| |||| 00| 0 geo d | ||
| 041 | _ageo | ||
| 080 | _a903.43(479.22) ნ-90 | ||
| 245 |
_aნოქალაქევი-არქეოპოლისი : _bარქეოლოგიური გათხრები. [კრ. 2], 1978-1982 / _cრედ. პ. ზაქარაია; საქ. სსრ მეცნ. აკად., საქ. არქეოლ. კომ., ს. ჯანაშიას სახ. საქ. სახელმწ. მუზეუმი. |
||
| 264 |
_aთბილისი : _bმეცნიერება, _c1987. |
||
| 300 |
_a313 გვ. : _bტაბ.; _c26 სმ. |
||
| 653 | _aსაქართველოს უძველესი ქალაქები. არქეოლოგია | ||
| 653 | _aციხე-ქალაქები -- საქართველო | ||
| 700 |
_aზაქარაია, პ. _eრედაქტორი _9305 |
||
| 710 |
_aსაქართველოს სსრ მეცნიერებათა აკადემია _b საქართველოს არქეოლოგიური კომისია. ს. ჯანაშიას სახ. საქართველოს სახელმწიფო მუზეუმი. _918619 |
||
| 942 |
_2udc _cBK |
||